000 01229nam a22002415i 4500
001 163580
003 ES-MaACL
005 20231220210525.0
008 940301m18541855sp a |||| | spa d
040 _aAS
_bspa
100 1 _aRivas, Ángel de Saavedra,
_cDuque de,
_d1791-1865
_997550
245 1 0 _aObras completas de D. Angel de Saavedra, Duque de Rivas /
_ccorregidas por el mismo.
250 _a1ª ed.
260 _aMadrid :
_b[s.n.],
_c1854-1855 (
_fImprenta de la Biblioteca Nueva)
300 _a5 v. (LV, 456 p., [2]h. de grab.; XXIII, 451 p., [1]h. de grab.; XX, 517 p., [1]h. de grab.; 524 p.; XXV, 458 p.) :
_b1 retr. ;
_c27 cm.
505 8 _aContiene: T. I. Poesias sueltas y poemas cortos -- T. II. El moro expósito -- T. III. Romances históricos y leyendas -- T. IV. Teatro -- T. V. Prosas
530 _aDisponible también en sitio web.
599 1 _aPort. grab.: "Pizarro", "Coderch"
599 1 _aRetr. del autor: "Lit. de Peaut"
852 _x
_aBA
_jR-2407-10
_z-- Enc. hol.
_q-- Falto del t.V Olim: B-4913-16
856 _uhttp://bibliotecadigitalhispanica.bne.es:80/webclient/DeliveryManager?pid=2813152&custom_att_2=simple_viewer
_zIr a la página
999 _c163580
_d163580